A problem-solving approach to intermediate algebra

Bibliographic Details
Main Authors: Keedy, Mervin L. (Author), Bittinger, Marvin L. (Author)
Format: Book
Published: Reading, Mass. : Addison-Wesley , c1986
Subjects:

MARC

LEADER 00000cam a2200000 7i4500
001 0000024521
005 20220130093000.0
008 021119s1986
020 |a 0201129744 
090 0 0 |a QA154.2   |b .K436 1986 
100 0 |a Keedy, Mervin L. ,   |e author 
245 1 2 |a A problem-solving approach to intermediate algebra   |c Mervin L. Keedy, Marvin L. Bittinger 
260 2 |a Reading, Mass. :   |b Addison-Wesley ,   |c c1986 
300 |a x, 482 p. ;   |c 23 cm. 
504 |a Includes index 
650 0 |a Algebra 
650 0 |a Algebra   |v Problems, exercises, etc. 
650 0 |a Problem solving 
700 1 |a Bittinger, Marvin L. ,   |e author 
999 |a 1000034215   |b Book   |c OPEN SHELF (30 DAYS)   |e Gong Badak Campus 
999 |a 1000034253   |b Book   |c OPEN SHELF (30 DAYS)   |e Gong Badak Campus